000
00304nam a2200121Ia 4500
008
220901s9999||||xx |||||||||||||| ||und||
082
_a
513 BAL
100
_a
Balaram, P.
245
0
_a
Current science
250
_a
Vol.77 Issue 10, 11 & 12
260
_b
Indian Academy Science
_c
1999
650
_a
Physics
999
_c
193943
_d
193943